000 00667nam a2200277Ia 4500
005 20260324133330.0
008 008 260324s9999 xx 000 0 eng d
020 _a9780080495972
037 _aEBOOK
040 _aCRL
040 _beng
040 _cCRL
041 _2eng
041 _aeng
084 _qCRL
100 _aJoseph M. Firestone; Mark W. McElroy
_91192691
245 0 _aKey Issues in the New Knowledge Management
260 _bTaylor and Francis
260 _c2003
365 _a
365 _b230
856 _uhttp://www.taylorfrancis.com/books/9780080495972
942 _cEBOOK
999 _c1791619
_d1791619